| 000 | 00770nmm a2200241 a 4500 | ||
|---|---|---|---|
| 003 | AR-BaBNM | ||
| 005 | 20251128211717.0 | ||
| 008 | 155120s2005 ||||||||||||||000 | spa|| | ||
| 020 | _a987-9020-45-6 | ||
| 040 | _cAR-BaBNM | ||
| 245 | 1 | 0 |
_aIntroducción a los estudios universitarios (IEU) _bcurso de preparación universitaria : guías de apoyo didáctico |
| 250 | _a1ª ed. | ||
| 260 |
_aSan Martín _bUniversidad Nacional de San Martín _c2005 _bJorge Baudino Ediciones |
||
| 300 | 0 | _a120 p. | |
| 650 | 4 | _aUNIVERSIDADES | |
| 650 | 4 | _aREGLAMENTOS | |
| 650 | 4 | _aENSENANZA UNIVERSITARIA | |
| 653 | _aLECTOESCRITURA | ||
| 700 | 1 |
_aCorti, Enrique C. _ecompilador |
|
| 710 | 2 | _aUniversidad Nacional de General San Martín | |
| 942 | _cBK | ||
| 998 | _cme-solo cat | ||
| 999 |
_c20814 _d20814 |
||